Cedula de ciudadania (Registro nro. 65069)

Detalles MARC
000 -CABECERA
campo de control de longitud fija 00741nam a2200229Ia 4500
001 - NÚMERO DE CONTROL
campo de control 65069
003 - IDENTIFICADOR DEL NÚMERO DE CONTROL
campo de control 137795
005 - FECHA Y HORA DE LA ÚLTIMA TRANSACCIÓN
campo de control 20250115084513.0
008 - DATOS DE LONGITUD FIJA--INFORMACIÓN GENERAL
campo de control de longitud fija ||||||n9999 ||| || ||
041 ## - CÓDIGO DE LENGUA
Código de lengua del texto/banda sonora o título independiente spa
100 ## - ENTRADA PRINCIPAL--NOMBRE DE PERSONA
Nombre de persona Rueda Quintero, Jorge Enrique
9 (RLIN) 88698
245 #0 - MENCIÓN DE TÍTULO
Título Cedula de ciudadania
Resto del título identificacion justo a tiempo
260 ## - PUBLICACIÓN, DISTRIBUCIÓN, ETC.
Lugar de publicación, distribución, etc. Bogotá :
Nombre del editor, distribuidor, etc. Escuela Superior de Administración Pública - ESAP,
Fecha de publicación, distribución, etc. 1998.
300 ## - DESCRIPCIÓN FÍSICA
Extensión 40h
500 ## - NOTA GENERAL
Nota general Tesis
562 ## - NOTA DE IDENTIFICACIÓN DE LA COPIA Y VERSIÓN
Número de copias 3
650 #0 - PUNTO DE ACCESO ADICIONAL DE MATERIA--TÉRMINO DE MATERIA
Término de materia o nombre geográfico como elemento de entrada Cédula de ciudadanía
9 (RLIN) 85722
650 ## - PUNTO DE ACCESO ADICIONAL DE MATERIA--TÉRMINO DE MATERIA
Término de materia o nombre geográfico como elemento de entrada DOCUMENTOS DE IDENTIFICACION
9 (RLIN) 4876
650 ## - PUNTO DE ACCESO ADICIONAL DE MATERIA--TÉRMINO DE MATERIA
Término de materia o nombre geográfico como elemento de entrada ESPECIALIZACIÓN EN GESTIÓN PÚBLICA--TESIS Y DISERTACIONES ACADÉMICAS
Subdivisión cronológica 1998
9 (RLIN) 85791
650 ## - PUNTO DE ACCESO ADICIONAL DE MATERIA--TÉRMINO DE MATERIA
Término de materia o nombre geográfico como elemento de entrada TESIS Y DISERTACIONES ACADÉMICAS
9 (RLIN) 88699
942 ## - ELEMENTOS DE PUNTO DE ACCESO ADICIONAL (KOHA)
Tipo de ítem Koha Tesis
Existencias
Estado de retiro Estado de pérdida Estado dañado No para préstamo Código de colección Localización permanente Ubicación/localización actual Fecha de adquisición Forma de adquisición Coste, precio normal de compra Signatura topográfica completa Código de barras Número de copia Tipo de ítem Koha Total de préstamos
Ocultar de OPAC Desaparecido     Trabajos de Grado Bogotá - Sede Central Bogotá - Sede Central 13/07/2023 Donación 0.00 A3412 84323 1 Tesis  
        Trabajos de Grado Bucaramanga - Sede Santander Bucaramanga - Sede Santander     0.00 395 EGP SAN2147 2 Tesis  
        Trabajos de Grado Bucaramanga - Sede Santander Bucaramanga - Sede Santander     0.00 395 EGP SAN2468 3 Tesis